000 00255nam a2200109Ia 4500
008 190216s9999||||xx |||||||||||||| ||und||
100 _aJain Sp And Narag K L
245 0 _aAdvanced Accounting
260 _bS Chand & Co
_c1992
300 _a482p
942 _cBK
999 _c5502
_d5502